| 000 | 00802nam a2200205Ii 4500 | ||
|---|---|---|---|
| 003 | JO-AjNU | ||
| 008 | 230605s9999||||xx |||||||||||||| ||und|| | ||
| 040 |
_aJO-AjNU _bara _erda _cJO-AjNU |
||
| 041 | _aara | ||
| 050 | 1 | 4 | _aPJ8261.D33 1980 |
| 100 | 3 |
_aضيف، شوقي, _eauthor _943297 |
|
| 245 | 0 | 0 | _aعصر الدول والإمارات: الجزيرة العربية - العراق - إيران |
| 264 | 3 | 1 | _aالقاهرة: دار المعارف، 1980 |
| 300 | _a684ص | ||
| 336 |
_atext _btxt _2rdacontent |
||
| 337 |
_aunmediated _bn _2rdamedia |
||
| 338 |
_avolume _bnc _2rdacarrier |
||
| 490 | 0 | _aتاريخ الأدب العربي 5 | |
| 650 | 4 |
_a الأدب العربي - الشعر العربي - تاريخ ونقد - العراق - الجزيرة العربية - إيران _943298 |
|
| 999 |
_aA18604 _c22172 _d22172 |
||